00485 a2200169 450000100060000002000180000604000370002410000200006124000340008124500290011530000090014436200090015365000240016294200070018695201050019399900170029874609 a9788538006015 cAnchieta - Colégio São Paulo aSchimid, Sophie10aNós somos os melhores!lpor10aNós somos os melhores! a[32]0 a2011 4aLiteratura infantil cBK 00104070a88.1b88.1d2023-11-22l0oLI 028.5 S348np5361/CSPr2023-11-22 14:31:34w2023-11-22yBK c74609d74609